Právo v medzinárodnom obchode
Saved in:
| Main Author: | |
|---|---|
| Corporate Author: | |
| Format: | Book |
| Language: | Slovak |
| Published: |
Bratislava
Ekonóm
1996
|
| Edition: | 2. vyd. |
| Subjects: | |
| Tags: |
No Tags, Be the first to tag this record!
|
MARC
| LEADER | 00000nam a2200000 4500 | ||
|---|---|---|---|
| 001 | c013307 | ||
| 005 | 20221214071617.0 | ||
| 020 | |a 80-225-0735-0 | ||
| 041 | 0 | |a slo | |
| 044 | |a SK | ||
| 245 | 1 | 0 | |a Právo v medzinárodnom obchode |c Jaroslava Keselá |
| 250 | |a 2. vyd. | ||
| 264 | 1 | |a Bratislava |b Ekonóm |c 1996 | |
| 300 | |a 342 s. | ||
| 610 | 2 | 0 | |a právo |
| 610 | 2 | 0 | |a právo medzinárodné |
| 610 | 2 | 0 | |a obchod medzinárodný |
| 610 | 2 | 0 | |a vzťahy právne |
| 610 | 2 | 0 | |a právo vlastnícke |
| 610 | 2 | 0 | |a zmluvy |
| 610 | 2 | 0 | |a zmluvy medzinárodné |
| 610 | 2 | 0 | |a zmluvy kúpne |
| 610 | 2 | 0 | |a zmluvy poistné |
| 610 | 2 | 0 | |a zmluvy nájomné |
| 610 | 2 | 0 | |a zmluvy o dielo |
| 610 | 2 | 0 | |a zmluvy komisionárske |
| 610 | 2 | 0 | |a zmluvy obchodné |
| 610 | 2 | 0 | |a náhrada škody |
| 610 | 2 | 0 | |a premlčanie |
| 610 | 2 | 0 | |a právo priemyselné |
| 610 | 2 | 0 | |a ochrana právna |
| 610 | 2 | 0 | |a súťaž nekalá |
| 610 | 2 | 0 | |a licencie |
| 610 | 2 | 0 | |a súdy |
| 610 | 2 | 0 | |a konkurzy |
| 100 | 1 | |a Keselá, Jaroslava | |
| 710 | 2 | |a Ekonomická univerzita v Bratislave. Obchodná fakulta | |